A supplemental apology for the believers in the Shakspeare-papers. : Being a reply to Mr. Malone's answer, which was early announced, but never published.

Bibliographic Details
Main Author: Chalmers, George, 1742-1825
Format: Book
Language:English
Published: New York : A.M. Kelley, 1971.
Series:Eighteenth century Shakespeare ; no. 26.
Subjects:

MARC

Tag First Indicator Second Indicator Subfields
LEADER 00000cam a2200000 4500
001 in00000142321
005 20151003070130.0
008 720307r19711799nyu 00000 eng
010 |a  70096374  
020 |a 0678051410 
035 |a (OCoLC)00266674 
035 |9 AAQ5958AM 
040 |a DLC  |c DLC  |d TXA  |d UtOrBLW 
043 |a e-ie--- 
049 |a TXAM  |c [1334738] 
050 0 0 |a PR2950  |b .C5 1971 
082 0 |a 822.3/3 
100 1 |a Chalmers, George,  |d 1742-1825. 
245 1 2 |a A supplemental apology for the believers in the Shakspeare-papers. :  |b Being a reply to Mr. Malone's answer, which was early announced, but never published. 
264 1 |a New York :  |b A.M. Kelley,  |c 1971. 
300 |a viii, 654 pages ;  |c 23 cm. 
336 |a text  |b txt  |2 rdacontent 
337 |a unmediated  |b n  |2 rdamedia 
338 |a volume  |b nc  |2 rdacarrier 
490 1 |a Eighteenth century Shakespeare,  |v no. 26 
500 |a Reprint, with a new preface, of the 1799 edition. 
600 1 0 |a Shakespeare, William,  |d 1564-1616  |x Forgeries  |z Ireland. 
600 1 0 |a Ireland, W. H.  |q (William Henry),  |d 1777-1835. 
600 1 0 |a Shakespeare, William,  |d 1564-1616  |v Chronology. 
600 1 0 |a Mathias, Thomas James,  |d 1754?-1835.  |t Pursuits of literature. 
830 0 |a Eighteenth century Shakespeare ;  |v no. 26. 
999 |a MARS 
999 f f |s b603f17b-ece4-313c-863b-2fc28c5546c9  |i e7ddd5cb-c7c0-36db-81cf-7ad3590eb6e3  |t 0 
952 f f |p normal  |a Texas A&M University  |b College Station  |c Sterling C. Evans Library  |d Evans: Library Stacks  |t 0  |e PR2950 .C5 1971  |h Library of Congress classification  |i unmediated -- volume  |m A14803906024 
998 f f |a PR2950 .C5 1971  |t 0  |l Evans: Library Stacks